[Event "RA-2023-0-00720"]
[Site "LSS email"]
[Date "2023.03.09"]
[Round "?"]
[White "Vaassen, Jack M"]
[Black "Kirch, Bernhard"]
[Result "1/2-1/2"]
[WhiteElo "2091"]
[BlackElo "2105"]
[PlyCount "30"]
[EventDate "2022.11.28"]
[EventType "tourn (corr)"]
[EventRounds "6"]
[EventCountry "GER"]
[SourceTitle "Corr 2024"]
[Source "ChessBase"]
[SourceDate "2023.10.19"]
[SourceVersion "1"]
[SourceVersionDate "2023.10.19"]
[SourceQuality "1"]

1. e4 e5 2. Nf3 Nc6 3. Bb5 Nf6 4. d3 Bc5 5. Bxc6 dxc6 6. Nbd2 0-0 7. Nc4 Re8 8. 0-0 Nd7 9. Kh1 b5 10. Na5 Qf6 11. Bg5 Qd6 12. Nh4 Nf8 13. a4 Bb6 14. Nb3 a5 15. f4 f6 1/2-1/2

[Event "RA-2023-0-00720"]
[Site "LSS email"]
[Date "2023.03.09"]
[Round "?"]
[White "Vaassen, Jack M"]
[Black "Schubert, Steffen"]
[Result "1/2-1/2"]
[WhiteElo "2091"]
[BlackElo "2039"]
[PlyCount "40"]
[EventDate "2022.11.28"]
[EventType "tourn (corr)"]
[EventRounds "6"]
[EventCountry "GER"]
[SourceTitle "Corr 2024"]
[Source "ChessBase"]
[SourceDate "2023.10.19"]
[SourceVersion "1"]
[SourceVersionDate "2023.10.19"]
[SourceQuality "1"]

1. e4 e5 2. Nf3 Nf6 3. Nxe5 d6 4. Nf3 Nxe4 5. d4 d5 6. Bd3 Be7 7. 0-0 Nc6 8. Nbd2 Nxd2 9. Bxd2 Bg4 10. c3 0-0 11. h3 Bh5 12. g3 Qd7 13. Kg2 Bg6 14. Bf4 Be4 15. Re1 f5 16. Kh2 Bd6 17. Ne5 Qe7 18. f3 Bxe5 19. Bxe5 Bxd3 20. Qxd3 Rae8 1/2-1/2

[Event "RA-2023-0-00718"]
[Site "LSS email"]
[Date "2023.01.30"]
[Round "?"]
[White "Laudati, Lelio"]
[Black "Vaassen, Jack M"]
[Result "1/2-1/2"]
[WhiteElo "2005"]
[BlackElo "2087"]
[PlyCount "59"]
[EventDate "2022.09.14"]
[EventType "tourn (corr)"]
[EventRounds "6"]
[EventCountry "GER"]
[SourceTitle "Corr 2024"]
[Source "ChessBase"]
[SourceDate "2023.10.19"]
[SourceVersion "1"]
[SourceVersionDate "2023.10.19"]
[SourceQuality "1"]

1. d4 d5 2. Nf3 Nf6 3. c4 e6 4. Nc3 a6 5. cxd5 exd5 6. Bg5 Be6 7. e3 Nbd7 8. Bd3 Bd6 9. 0-0 c6 10. Bf4 Qc7 11. Bxd6 Qxd6 12. h3 0-0 13. Rc1 Rac8 14. a3 Rfe8 15. Qc2 g6 16. Rfe1 Qe7 17. Rcd1 Nh5 18. Qd2 Ng7 19. e4 dxe4 20. Nxe4 Nf6 21. Nc5 Qc7 22. b4 Bd5 23. Ne5 Ne6 24. Bc2 Re7 25. f4 Nxc5 26. bxc5 Rce8 27. Qf2 Nh5 28. g4 Ng7 29. g5 b6 30. cxb6 1/2-1/2

[Event "LSS SA-2023-0-00816"]
[Site "LSS email"]
[Date "2023.01.24"]
[Round "?"]
[White "Oliger, Mark"]
[Black "Vaassen, Jack M"]
[Result "1/2-1/2"]
[WhiteElo "2177"]
[BlackElo "2087"]
[PlyCount "73"]
[EventDate "2022.12.02"]
[EventType "tourn (corr)"]
[EventRounds "6"]
[EventCountry "GER"]
[SourceTitle "Corr 2024"]
[Source "ChessBase"]
[SourceDate "2023.10.19"]
[SourceVersion "1"]
[SourceVersionDate "2023.10.19"]
[SourceQuality "1"]

1. e4 e5 2. Nf3 Nf6 3. Nxe5 d6 4. Nf3 Nxe4 5. d4 d5 6. Bd3 Bd6 7. 0-0 0-0 8. Re1 Bf5 9. c4 c6 10. Qb3 Qd7 11. Be3 Na6 12. cxd5 cxd5 13. Bb5 Qd8 14. a3 h6 15. Bd3 Qd7 16. Bb5 Qd8 17. Bd3 Qd7 18. Nh4 Bh7 19. Nc3 Nxc3 20. Bxh7+ Kxh7 21. Qxc3 Rfe8 22. Qd3+ g6 23. Nf3 Nb8 24. Bd2 Nc6 25. g3 Rad8 26. Kg2 Kg7 27. Re3 Bf8 28. Rae1 h5 29. b4 Rxe3 30. Qxe3 a6 31. Ne5 Nxe5 32. dxe5 Qe6 33. Rd1 Rc8 34. h3 Kg8 35. Bc3 Bg7 36. Ba1 Rc4 37. Bd4 1/2-1/2

[Event "RA-2023-0-00718"]
[Site "LSS email"]
[Date "2023.01.23"]
[Round "?"]
[White "Vaassen, Jack M"]
[Black "Morcin, Tom"]
[Result "1/2-1/2"]
[WhiteElo "2087"]
[BlackElo "2088"]
[PlyCount "51"]
[EventDate "2022.09.14"]
[EventType "tourn (corr)"]
[EventRounds "6"]
[EventCountry "GER"]
[SourceTitle "Corr 2024"]
[Source "ChessBase"]
[SourceDate "2023.10.19"]
[SourceVersion "1"]
[SourceVersionDate "2023.10.19"]
[SourceQuality "1"]

1. e4 c5 2. Nf3 d6 3. Bb5+ Bd7 4. Bxd7+ Qxd7 5. c4 Nf6 6. Nc3 g6 7. d4 cxd4 8. Nxd4 Bg7 9. f3 0-0 10. Be3 Nc6 11. 0-0 a6 12. Qd3 Ne5 13. Qe2 Rac8 14. b3 b5 15. Nd5 Nxd5 16. cxd5 e6 17. dxe6 fxe6 18. Rad1 Rc3 19. Rd2 Rfc8 20. Rfd1 Nf7 21. h3 b4 22. Qf2 a5 23. Kh1 Bf6 24. Ne2 Rc2 25. Ng1 R2c7 26. Bb6 1/2-1/2

[Event "RA-2023-0-00718"]
[Site "LSS email"]
[Date "2023.01.23"]
[Round "?"]
[White "Vaassen, Jack M"]
[Black "Reppert, Victor"]
[Result "1/2-1/2"]
[WhiteElo "2087"]
[BlackElo "2128"]
[PlyCount "50"]
[EventDate "2022.09.14"]
[EventType "tourn (corr)"]
[EventRounds "6"]
[EventCountry "GER"]
[SourceTitle "Corr 2024"]
[Source "ChessBase"]
[SourceDate "2023.10.19"]
[SourceVersion "1"]
[SourceVersionDate "2023.10.19"]
[SourceQuality "1"]

1. e4 c5 2. Nf3 d6 3. Bb5+ Bd7 4. Bxd7+ Nxd7 5. 0-0 Ngf6 6. Qe2 e6 7. b3 Be7 8. Bb2 Qb6 9. c4 0-0 10. d3 a6 11. Nc3 Ne5 12. Nxe5 dxe5 13. f4 exf4 14. e5 Nd7 15. Ne4 Qc7 16. Qh5 f6 17. exf6 Nxf6 18. Qh3 Nxe4 19. Qxe6+ Kh8 20. Qxe4 Bf6 21. Bxf6 Rxf6 22. Rae1 h6 23. Qe7 Qc6 24. Qe4 Qc7 25. Qe5 Qxe5 1/2-1/2

[Event "RA-2023-0-00718"]
[Site "LSS email"]
[Date "2023.01.23"]
[Round "?"]
[White "Van Bommel, Ton"]
[Black "Vaassen, Jack M"]
[Result "1/2-1/2"]
[WhiteElo "2099"]
[BlackElo "2087"]
[PlyCount "55"]
[EventDate "2022.09.14"]
[EventType "tourn (corr)"]
[EventRounds "6"]
[EventCountry "GER"]
[SourceTitle "Corr 2024"]
[Source "ChessBase"]
[SourceDate "2023.10.19"]
[SourceVersion "1"]
[SourceVersionDate "2023.10.19"]
[SourceQuality "1"]

1. e4 e5 2. Nf3 Nf6 3. Nxe5 d6 4. Nf3 Nxe4 5. d4 d5 6. Bd3 Bd6 7. 0-0 0-0 8. c4 c6 9. Re1 Bf5 10. Ng5 Re8 11. Bxe4 dxe4 12. Nc3 Nd7 13. Ngxe4 Bxe4 14. Nxe4 Bxh2+ 15. Kf1 f5 16. Ng5 h6 17. Nf3 Bc7 18. Be3 Nf6 19. Qb3 b6 20. Rad1 Ne4 21. c5+ Kh7 22. d5 bxc5 23. dxc6 Qf6 24. Rd7 Ba5 25. Rc1 Qxc6 26. Qf7 Qa6+ 27. Rc4 Qf6 28. Qxf6 1/2-1/2

[Event "RA-2022-0-00716"]
[Site "LSS email"]
[Date "2022.11.22"]
[Round "?"]
[White "Vaassen, Jack M"]
[Black "Simonov, Nikolaj"]
[Result "0-1"]
[WhiteElo "2105"]
[BlackElo "2072"]
[PlyCount "80"]
[EventDate "2022.07.23"]
[EventType "tourn (corr)"]
[EventRounds "6"]
[EventCountry "GER"]
[SourceTitle "Corr 2024"]
[Source "ChessBase"]
[SourceDate "2023.10.19"]
[SourceVersion "1"]
[SourceVersionDate "2023.10.19"]
[SourceQuality "1"]

1. e4 e5 2. f4 exf4 3. Nf3 d6 4. Bc4 h6 5. h4 Nc6 6. d4 Nf6 7. Nc3 Nh5 8. Nd5 Ng3 9. Rh2 Ne7 10. Nxf4 Nxe4 11. Qe2 Nf6 12. Bd2 d5 13. Bb3 Bg4 14. 0-0-0 c6 15. Re1 Qc7 16. Qe5 Qb6 17. c4 0-0-0 18. c5 Qa6 19. Qe2 Qxe2 20. Nxe2 Nd7 21. Rhh1 g6 22. Bc2 Re8 23. Nh2 Bf5 24. g4 Bxc2 25. Kxc2 Ng8 26. Ng3 Ngf6 27. Rxe8+ Nxe8 28. Nf3 b6 29. Re1 Nc7 30. b4 Ne6 31. Ne2 h5 32. gxh5 Rxh5 33. Ng5 Rxh4 34. Nxf7 Rh2 35. Kd3 Rh3+ 36. Kc2 bxc5 37. bxc5 Rh4 38. Be3 Be7 39. Nd6+ Bxd6 40. cxd6 Nb6 0-1

[Event "RA-2022-0-00715"]
[Site "LSS email"]
[Date "2022.11.07"]
[Round "?"]
[White "Laudati, Lelio"]
[Black "Vaassen, Jack M"]
[Result "1/2-1/2"]
[WhiteElo "2000"]
[BlackElo "2106"]
[PlyCount "65"]
[EventDate "2022.06.12"]
[EventType "tourn (corr)"]
[EventRounds "6"]
[EventCountry "GER"]
[SourceTitle "Corr 2024"]
[Source "ChessBase"]
[SourceDate "2023.10.19"]
[SourceVersion "1"]
[SourceVersionDate "2023.10.19"]
[SourceQuality "1"]

1. d4 d5 2. Nf3 Nf6 3. c4 e6 4. Nc3 a6 5. cxd5 exd5 6. Bg5 Be6 7. e3 Nbd7 8. Bd3 Bd6 9. 0-0 c6 10. h3 Qc7 11. Qd2 0-0 12. Bf4 Rfe8 13. Bxd6 Qxd6 14. Rac1 Nb6 15. Qc2 g6 16. Rfe1 Rad8 17. Ne2 Qe7 18. Ne5 Nfd7 19. Nxd7 Nxd7 20. Nf4 Nf8 21. Qc5 Qg5 22. a4 Bc8 23. Qb6 Ne6 24. Nxe6 Rxe6 25. b4 Rde8 26. Qc7 h5 27. b5 axb5 28. axb5 Rf6 29. Qh2 h4 30. Ra1 Bf5 31. Be2 Kg7 32. bxc6 bxc6 33. Bf3 1/2-1/2

[Event "LSS SA-2022-0-00807"]
[Site "LSS email"]
[Date "2022.09.25"]
[Round "?"]
[White "Rivas Maceda, Juan"]
[Black "Vaassen, Jack M"]
[Result "1/2-1/2"]
[WhiteElo "2176"]
[BlackElo "2105"]
[PlyCount "102"]
[EventDate "2022.07.06"]
[EventType "tourn (corr)"]
[EventRounds "6"]
[EventCountry "GER"]
[SourceTitle "Corr 2024"]
[Source "ChessBase"]
[SourceDate "2023.10.19"]
[SourceVersion "1"]
[SourceVersionDate "2023.10.19"]
[SourceQuality "1"]

1. d4 d5 2. c4 e6 3. Nf3 Nf6 4. Nc3 a6 5. cxd5 exd5 6. Bg5 Be6 7. e3 Nbd7 8. h3 Bd6 9. Bd3 c6 10. Bf4 Qc7 11. Bxd6 Qxd6 12. 0-0 0-0 13. Qc2 g6 14. Rfe1 a5 15. Rad1 Rfe8 16. Ng5 Re7 17. a3 Nb6 18. Rb1 a4 19. Re2 Qd7 20. b4 axb3 21. Qxb3 Nc4 22. a4 Nd6 23. Nxe6 Rxe6 24. Qb6 Ree8 25. a5 Qd8 26. a6 Qxb6 27. Rxb6 Nd7 28. axb7 Nxb6 29. bxa8Q Rxa8 30. Rc2 Ra3 31. Bf1 Nbc4 32. g4 Kf8 33. Ne2 Nb5 34. g5 Ra1 35. Rc1 Rxc1 36. Nxc1 Nc3 37. Nb3 Ne4 38. h4 Ned2 39. Nxd2 Nxd2 40. Be2 Ke7 41. Kg2 Kd6 42. Bd3 c5 43. dxc5+ Kxc5 44. Kg3 Kd6 45. h5 Ke6 46. Kf4 Kd6 47. hxg6 hxg6 48. Bc2 Nc4 49. Bb1 Ne5 50. Bc2 Nc4 51. Bb1 Ne5 1/2-1/2

[Event "LSS SA-2022-0-00807"]
[Site "LSS email"]
[Date "2022.09.24"]
[Round "?"]
[White "Rodriguez, Raul"]
[Black "Vaassen, Jack M"]
[Result "1/2-1/2"]
[WhiteElo "2008"]
[BlackElo "2105"]
[PlyCount "97"]
[EventDate "2022.07.06"]
[EventType "tourn (corr)"]
[EventRounds "6"]
[EventCountry "GER"]
[SourceTitle "Corr 2024"]
[Source "ChessBase"]
[SourceDate "2023.10.19"]
[SourceVersion "1"]
[SourceVersionDate "2023.10.19"]
[SourceQuality "1"]

1. e4 c6 2. d4 d5 3. e5 c5 4. dxc5 e6 5. Be3 Nd7 6. Bb5 Ne7 7. Nf3 Nf5 8. b4 Nxe3 9. fxe3 a5 10. c6 bxc6 11. Bxc6 Ra7 12. b5 Bc5 13. Nc3 a4 14. Qd3 0-0 15. Ne2 Qa5+ 16. c3 Qc7 17. Rb1 Bb6 18. Ned4 Nxe5 19. Nxe5 Qxe5 20. 0-0 a3 21. Rbe1 Rd8 22. Kh1 g6 23. Qc2 Rc7 24. e4 dxe4 25. Rxe4 Qd6 26. Nf3 Qd3 27. Re2 Ba5 28. c4 Qxc2 29. Rxc2 e5 30. Rfc1 Bf5 31. Re2 Bd3 32. Rxe5 Bxc4 33. Rxc4 Rd1+ 34. Ng1 Bb6 35. h4 Rxg1+ 36. Kh2 Rb1 37. Re2 Kg7 38. Kh3 Rb2 39. Rcc2 Bd4 40. Kg3 h5 41. Kf3 Bf6 42. Rc4 Re7 43. Rxe7 Bxe7 44. Ra4 Bc5 45. Ra6 Rxa2 46. b6 Rf2+ 47. Ke4 Bxb6 48. Rxb6 Rxg2 49. Ra6 1/2-1/2

[Event "LSS SA-2022-0-00807"]
[Site "LSS email"]
[Date "2022.09.24"]
[Round "?"]
[White "Vaassen, Jack M"]
[Black "Langheld, Werner"]
[Result "1-0"]
[WhiteElo "2105"]
[BlackElo "2026"]
[PlyCount "115"]
[EventDate "2022.07.06"]
[EventType "tourn (corr)"]
[EventRounds "6"]
[EventCountry "GER"]
[SourceTitle "Corr 2024"]
[Source "ChessBase"]
[SourceDate "2023.10.19"]
[SourceVersion "1"]
[SourceVersionDate "2023.10.19"]
[SourceQuality "1"]

1. d4 Nf6 2. c4 e5 3. dxe5 Ng4 4. Bf4 Nc6 5. Nf3 Bb4+ 6. Nc3 Bxc3+ 7. bxc3 Qe7 8. Qd5 f6 9. exf6 Nxf6 10. Qd3 d6 11. g3 0-0 12. Bg2 Re8 13. 0-0 Qxe2 14. Qxe2 Rxe2 15. Nd4 Nxd4 16. cxd4 Be6 17. Bxb7 Rb8 18. Bf3 Rc2 19. c5 Rc3 20. Bg2 Nd5 21. Bc1 dxc5 22. dxc5 Rxc5 23. Re1 Bf7 24. Re2 Re8 25. Rxe8+ Bxe8 26. Ba3 Ra5 27. Bb2 Bf7 28. a3 Rb5 29. Bd4 c5 30. Bf1 Ra5 31. Be5 c4 32. Bxc4 Nb6 33. Bxf7+ Kxf7 34. Bc3 Rc5 35. Bd2 Rc2 36. Be3 Rc3 37. a4 Rc7 38. a5 Nc4 39. Bf4 Rc6 40. a6 Nb6 41. Bb8 Nd5 42. Ra4 g6 43. Kg2 Ke6 44. g4 Nc3 45. Ra3 Nd5 46. Bxa7 Nc7 47. Rh3 Rxa6 48. Bb8 Nd5 49. Rxh7 Nf6 50. Rh4 Ra8 51. Bf4 Ra4 52. Kf3 Kf7 53. Be5 Nh5 54. Rh3 Ra5 55. Bc7 Rc5 56. Bb6 Rc3+ 57. Be3 Nf6 58. Rg3 1-0

[Event "LSS SA-2022-0-00807"]
[Site "LSS email"]
[Date "2022.09.23"]
[Round "?"]
[White "Vaassen, Jack M"]
[Black "Avellan, Gerardo"]
[Result "1/2-1/2"]
[WhiteElo "2105"]
[BlackElo "2097"]
[PlyCount "68"]
[EventDate "2022.07.06"]
[EventType "tourn (corr)"]
[EventRounds "6"]
[EventCountry "GER"]
[SourceTitle "Corr 2024"]
[Source "ChessBase"]
[SourceDate "2023.10.19"]
[SourceVersion "1"]
[SourceVersionDate "2023.10.19"]
[SourceQuality "1"]

1. d4 Nf6 2. c4 e6 3. Nf3 b6 4. a3 Bb7 5. Nc3 d5 6. cxd5 Nxd5 7. e3 Nxc3 8. bxc3 Nd7 9. Bd3 c5 10. 0-0 Qc7 11. e4 Be7 12. Qe2 0-0 13. Bb2 Rac8 14. Rad1 a6 15. Bb1 Rfe8 16. h4 b5 17. h5 h6 18. Bc1 Red8 19. Rfe1 e5 20. dxe5 Nxe5 21. Bf4 Nxf3+ 22. Qxf3 Qb6 23. Qg3 Rxd1 24. Rxd1 Rd8 25. Rxd8+ Qxd8 26. Bc2 Kh8 27. Be5 Bf8 28. Qf4 Kg8 29. Bc7 Qd7 30. Ba5 f6 31. Qb8 Qc8 32. Qa7 Bc6 33. Qb6 Be8 34. Bd1 Bc6 1/2-1/2

[Event "RA-2022-0-00713"]
[Site "LSS email"]
[Date "2022.08.04"]
[Round "?"]
[White "Plutarco, Fosca"]
[Black "Vaassen, Jack M"]
[Result "1/2-1/2"]
[WhiteElo "2060"]
[BlackElo "2093"]
[PlyCount "68"]
[EventDate "2022.04.13"]
[EventType "tourn (corr)"]
[EventRounds "6"]
[EventCountry "GER"]
[SourceTitle "Corr 2024"]
[Source "ChessBase"]
[SourceDate "2023.10.19"]
[SourceVersion "1"]
[SourceVersionDate "2023.10.19"]
[SourceQuality "1"]

1. d4 f5 2. Nf3 Nf6 3. g3 g6 4. Bg2 Bg7 5. 0-0 0-0 6. c4 d6 7. Nc3 c6 8. Re1 Ne4 9. Qd3 Nxc3 10. bxc3 e5 11. e4 fxe4 12. Qxe4 Bf5 13. Qe2 Bg4 14. dxe5 Nd7 15. exd6 Bxf3 16. Bxf3 Bxc3 17. Bf4 Nc5 18. Be3 Qxd6 19. Red1 Qf6 20. Rac1 Rae8 21. Bg2 Bb4 22. Qc2 a5 23. h4 Qf5 24. Qe2 Re5 25. Rd4 Ne6 26. Rd3 Nc5 27. Rdd1 Ne6 28. Qb2 Bc5 29. Bxc5 Nxc5 30. Rd2 a4 31. Rcd1 Ree8 32. Qa1 Qe5 33. Qc1 Qf5 34. Qa1 Qe5 1/2-1/2

[Event "RA-2022-0-00713"]
[Site "LSS email"]
[Date "2022.08.04"]
[Round "?"]
[White "Vaassen, Jack M"]
[Black "Rich, Albert"]
[Result "1-0"]
[WhiteElo "2093"]
[BlackElo "2171"]
[PlyCount "61"]
[EventDate "2022.04.13"]
[EventType "tourn (corr)"]
[EventRounds "6"]
[EventCountry "GER"]
[SourceTitle "Corr 2024"]
[Source "ChessBase"]
[SourceDate "2023.10.19"]
[SourceVersion "1"]
[SourceVersionDate "2023.10.19"]
[SourceQuality "1"]

1. d4 Nf6 2. c4 e6 3. Nf3 b6 4. a3 Ba6 5. Qc2 Bb7 6. Nc3 c5 7. e4 cxd4 8. Nxd4 Bc5 9. Nf3 Ng4 10. Bg5 f6 11. Bh4 Nc6 12. 0-0-0 0-0 13. Kb1 Qe8 14. Bg3 Rc8 15. Qd2 Rf7 16. Nb5 Nce5 17. Nxe5 fxe5 18. f3 Ne3 19. b4 Nxf1 20. Rhxf1 Bf8 21. Nd6 Bxd6 22. Qxd6 Rxc4 23. Rfe1 h6 24. Kb2 Kh7 25. Bxe5 Qd8 26. Rd2 Qg5 27. Rh1 a5 28. h4 Qe3 29. Rhd1 a4 30. Qd3 Qxd3 31. Rxd3 1-0

[Event "RA-2022-0-00713"]
[Site "LSS email"]
[Date "2022.07.26"]
[Round "?"]
[White "Farnik, Kym"]
[Black "Vaassen, Jack M"]
[Result "1-0"]
[WhiteElo "2123"]
[BlackElo "2093"]
[PlyCount "121"]
[EventDate "2022.04.13"]
[EventType "tourn (corr)"]
[EventRounds "6"]
[EventCountry "GER"]
[SourceTitle "Corr 2024"]
[Source "ChessBase"]
[SourceDate "2023.10.19"]
[SourceVersion "1"]
[SourceVersionDate "2023.10.19"]
[SourceQuality "1"]

1. Nf3 f5 2. g3 Nf6 3. Bg2 g6 4. d4 Bg7 5. c4 0-0 6. 0-0 d6 7. Nc3 c6 8. d5 e5 9. dxe6 Bxe6 10. b3 Na6 11. Ng5 Bc8 12. Bb2 Qe7 13. Qc2 h6 14. Nf3 Nc5 15. Rad1 Be6 16. e3 a5 17. Ne2 Bf7 18. Nf4 Ng4 19. Nd4 Qf6 20. Ba1 Ne5 21. Rfe1 Bh8 22. Nfe2 Qe7 23. Nc3 Rae8 24. e4 Ng4 25. Bb2 Qf6 26. h3 Ne5 27. Re3 Ned7 28. Rf3 Ne5 29. Re3 Ned7 30. h4 Bg7 31. Bc1 Ne5 32. exf5 gxf5 33. Nce2 Ng4 34. Rf3 Bg6 35. Nf4 Ne4 36. Nxg6 Qxg6 37. Rf4 Rf6 38. Rf1 d5 39. Ne2 Rf7 40. f3 Ne3 41. Bxe3 Nc3 42. Nxc3 Rxe3 43. Ne2 Rfe7 44. Rf2 d4 45. Qd2 d3 46. Nd4 Qxg3 47. Nxf5 Re1+ 48. Rf1 Rxf1+ 49. Kxf1 Re2 50. Nxg3 Rxd2 51. Bh3 Rxa2 52. Be6+ Kh8 53. Ne4 Ra1+ 54. Kf2 Bd4+ 55. Kg2 Ra2+ 56. Kh3 d2 57. Rf8+ Kg7 58. Rf7+ Kh8 59. Nxd2 Rxd2 60. Rxb7 h5 61. Bf7 1-0

[Event "RA-2022-0-00712"]
[Site "LSS email"]
[Date "2022.07.17"]
[Round "?"]
[White "Do Amaral, Rogerio"]
[Black "Vaassen, Jack M"]
[Result "1/2-1/2"]
[WhiteElo "1959"]
[BlackElo "2093"]
[PlyCount "51"]
[EventDate "2022.03.29"]
[EventType "tourn (corr)"]
[EventRounds "6"]
[EventCountry "GER"]
[SourceTitle "Corr 2024"]
[Source "ChessBase"]
[SourceDate "2023.10.19"]
[SourceVersion "1"]
[SourceVersionDate "2023.10.19"]
[SourceQuality "1"]

1. e4 c6 2. d4 d5 3. e5 c5 4. Nf3 cxd4 5. Nxd4 Nc6 6. Nxc6 bxc6 7. Bd3 e6 8. 0-0 a5 9. Qe2 Ne7 10. Nd2 Ng6 11. g3 Bc5 12. Nf3 0-0 13. b3 f6 14. Bb2 Ra7 15. c4 Nxe5 16. Nxe5 fxe5 17. Bxe5 Bd6 18. Rae1 Bxe5 19. Qxe5 Qb6 20. Re2 a4 21. bxa4 Qb4 22. Rc1 Qxa4 23. Rec2 Bd7 24. Qh5 g6 25. Bxg6 hxg6 26. Qxg6+ 1/2-1/2

[Event "LSS SA-2022-0-00804"]
[Site "LSS email"]
[Date "2022.07.04"]
[Round "?"]
[White "Oliger, Mark"]
[Black "Vaassen, Jack M"]
[Result "1/2-1/2"]
[WhiteElo "2079"]
[BlackElo "2093"]
[PlyCount "47"]
[EventDate "2022.06.03"]
[EventType "tourn (corr)"]
[EventRounds "6"]
[EventCountry "GER"]
[SourceTitle "Corr 2024"]
[Source "ChessBase"]
[SourceDate "2023.10.19"]
[SourceVersion "1"]
[SourceVersionDate "2023.10.19"]
[SourceQuality "1"]

1. e4 c6 2. Nc3 d5 3. Nf3 dxe4 4. Nxe4 Nf6 5. Qe2 Nxe4 6. Qxe4 Nd7 7. Bc4 Nf6 8. Ne5 e6 9. Qe2 b5 10. Bd3 Qc7 11. b3 Bd6 12. Bb2 Nd5 13. 0-0 Nf4 14. Qe4 Nxd3 15. Nxd3 0-0 16. Be5 Bxe5 17. Qxe5 Qxe5 18. Nxe5 c5 19. a4 b4 20. d3 Bb7 21. Nc4 Bd5 22. Ne3 f6 23. h4 h5 24. Rfe1 1/2-1/2

[Event "LSS SA-2022-0-00795"]
[Site "LSS email"]
[Date "2022.03.30"]
[Round "?"]
[White "Valverde, Andres"]
[Black "Vaassen, Jack M"]
[Result "1/2-1/2"]
[WhiteElo "2075"]
[BlackElo "2075"]
[PlyCount "99"]
[EventDate "2022.02.22"]
[EventType "tourn (corr)"]
[EventRounds "6"]
[EventCountry "GER"]
[SourceTitle "Corr 2024"]
[Source "ChessBase"]
[SourceDate "2023.10.19"]
[SourceVersion "1"]
[SourceVersionDate "2023.10.19"]
[SourceQuality "1"]

1. d4 d5 2. c4 e6 3. Nf3 Nf6 4. g3 dxc4 5. Bg2 c5 6. 0-0 Nc6 7. Qa4 Bd7 8. dxc5 Na5 9. Qc2 Bxc5 10. Ne5 0-0 11. Rd1 h6 12. Nd2 Qc7 13. Nxd7 Nxd7 14. Ne4 Be7 15. Bf4 Ne5 16. Qc3 Nac6 17. Qxc4 g5 18. Bxe5 Qxe5 19. e3 Rfd8 20. Nc3 Rac8 21. Rac1 Rxd1+ 22. Rxd1 Qb8 23. Qe2 Qc7 24. Nb5 Qb6 25. Be4 Ne5 26. h3 Kg7 27. Nd4 Rc7 28. b3 a6 29. h4 gxh4 30. gxh4 Bf6 31. Qh5 Rc5 32. Kh1 a5 33. Rg1+ Kf8 34. Qxh6+ Ke7 35. Qf4 Nd7 36. Nf3 Qc7 37. Qxc7 Rxc7 38. Kg2 a4 39. h5 axb3 40. axb3 Bg7 41. Rh1 Nf6 42. Bd3 Bh6 43. Nd4 Rc5 44. Be2 Ne4 45. b4 Rc3 46. Rh4 Nd6 47. Rg4 Ne8 48. Rg8 Nd6 49. Rg4 Ne8 50. Rg8 1/2-1/2

[Event "LSS SA-2022-0-00795"]
[Site "LSS email"]
[Date "2022.03.28"]
[Round "?"]
[White "Salzmann, Stefan"]
[Black "Vaassen, Jack M"]
[Result "1/2-1/2"]
[WhiteElo "2116"]
[BlackElo "2075"]
[PlyCount "107"]
[EventDate "2022.02.22"]
[EventType "tourn (corr)"]
[EventRounds "6"]
[EventCountry "GER"]
[SourceTitle "Corr 2024"]
[Source "ChessBase"]
[SourceDate "2023.10.19"]
[SourceVersion "1"]
[SourceVersionDate "2023.10.19"]
[SourceQuality "1"]

1. d4 d5 2. c4 e6 3. Nf3 Nf6 4. Nc3 a6 5. cxd5 exd5 6. Bg5 Be6 7. e3 Nbd7 8. Bd3 Bd6 9. 0-0 c6 10. Re1 Qc7 11. Qd2 0-0 12. h3 Rfe8 13. Bf4 Nb6 14. Bxd6 Qxd6 15. Rac1 Qe7 16. Ne5 Nfd7 17. Nf3 h6 18. Qc2 Rad8 19. Ne2 Nc8 20. Nf4 Nd6 21. a4 Qf6 22. b4 Rc8 23. Nh5 Qe7 24. Nf4 Qf6 25. Qb1 Nb6 26. b5 cxb5 27. axb5 a5 28. Rc5 Ra8 29. Ne5 Rec8 30. Qc2 Rxc5 31. Qxc5 Qd8 32. Ra1 a4 33. Nxe6 fxe6 34. g3 Nf7 35. Ng6 Qd6 36. Qc3 Re8 37. h4 e5 38. h5 Rc8 39. Qd2 Ng5 40. Kg2 e4 41. Be2 Nc4 42. Qe1 Ra8 43. Bg4 Kh7 44. Nf4 a3 45. Qc3 Rd8 46. Bf5+ Kg8 47. Bg4 Ra8 48. Qb3 Kh8 49. Qc2 Kh7 50. Qb3 Kg8 51. Ng6 Nf3 52. Bf5 Ng5 53. Ra2 Nf3 54. Ra1 1/2-1/2

[Event "LSS SA-2022-0-00795"]
[Site "LSS email"]
[Date "2022.03.28"]
[Round "?"]
[White "Vaassen, Jack M"]
[Black "Avellan, Gerardo"]
[Result "1/2-1/2"]
[WhiteElo "2075"]
[BlackElo "2050"]
[PlyCount "48"]
[EventDate "2022.02.22"]
[EventType "tourn (corr)"]
[EventRounds "6"]
[EventCountry "GER"]
[SourceTitle "Corr 2024"]
[Source "ChessBase"]
[SourceDate "2023.10.19"]
[SourceVersion "1"]
[SourceVersionDate "2023.10.19"]
[SourceQuality "1"]

1. e4 c6 2. d4 d5 3. Nc3 dxe4 4. Nxe4 Nf6 5. Nxf6+ exf6 6. c3 Bd6 7. Bd3 0-0 8. Qc2 h6 9. Ne2 Re8 10. 0-0 Nd7 11. Be3 Nf8 12. c4 Be6 13. Nc3 f5 14. c5 f4 15. cxd6 fxe3 16. fxe3 Qxd6 17. Rae1 Qe7 18. a3 Nd7 19. e4 Qd6 20. Qf2 f6 21. Be2 Re7 22. h3 Bf7 23. Rc1 Rd8 24. Rfd1 Ree8 1/2-1/2

[Event "RA-2022-0-00707"]
[Site "LSS email"]
[Date "2022.03.12"]
[Round "?"]
[White "Vaassen, Jack M"]
[Black "Morcin, Tom"]
[Result "1/2-1/2"]
[WhiteElo "2063"]
[BlackElo "2029"]
[PlyCount "84"]
[EventDate "2022.01.21"]
[EventType "tourn (corr)"]
[EventRounds "6"]
[EventCountry "GER"]
[SourceTitle "Corr 2024"]
[Source "ChessBase"]
[SourceDate "2023.10.19"]
[SourceVersion "1"]
[SourceVersionDate "2023.10.19"]
[SourceQuality "1"]

1. Nf3 d5 2. e3 Nf6 3. c4 e6 4. Nc3 b6 5. b3 Bb7 6. Bb2 a6 7. Rc1 Nbd7 8. cxd5 exd5 9. Ne2 c5 10. g3 Bd6 11. Bg2 b5 12. a4 0-0 13. 0-0 bxa4 14. bxa4 h6 15. Ba3 Be7 16. Qc2 Rc8 17. Rb1 Ba8 18. Rfc1 Re8 19. d4 c4 20. Bxe7 Qxe7 21. Nd2 Bc6 22. Nc3 Qd6 23. Rd1 Ba8 24. a5 Qa3 25. Ra1 Qb4 26. Qc1 Qe7 27. Qa3 Qe6 28. h3 Red8 29. Ne2 g6 30. Ra2 Rb8 31. Rb1 Rbc8 32. Rb4 g5 33. Nb1 Ne4 34. Nbc3 Nxc3 35. Nxc3 Rb8 36. Rab2 Rxb4 37. Rxb4 Kg7 38. Rb2 Rf8 39. Ne2 f5 40. Bf3 Bc6 41. Kh2 Rf6 42. Nc3 Rf8 1/2-1/2